| 000 | 00715nam a2200241 a 4500 | ||
|---|---|---|---|
| 001 | 8532 | ||
| 003 | BD-RjUL | ||
| 005 | 20211208234615.0 | ||
| 008 | 140118s1963 ilua b 00100 eng | ||
| 035 | _a(BD-RjUL)8577 | ||
| 035 | _a(BD-RjUL) | ||
| 040 |
_aBD-RjUL _beng _cBD-RjUL _dBD-RjUL |
||
| 041 | _aeng | ||
| 082 |
_a523.34 _bBAM 1963 |
||
| 100 | 1 |
_aBaldwin, Ralph B. _q(Ralph Belknap), _d1912- _926566 |
|
| 245 | 1 | 4 |
_aThe measure of the moon / _cRalph B. Baldwin |
| 260 | 0 |
_aChicago : _bUniversity of Chicago Press, _cc1963 |
|
| 300 |
_axix, 488 p. : _bill. ; _c25 cm. |
||
| 504 | _aIncludes bibliographical references and index. | ||
| 651 | 0 |
_aMoon _xSurface. _926567 |
|
| 942 |
_2ddc _cBK |
||
| 999 |
_c8532 _d8532 |
||